Quiz par thème à la manière de Questions pour un champion #2 - Statistiques

Statistiques générales
  • Ce quiz a été pris 80 fois
    66 depuis la dernière actualisation
  • Le résultat moyen est 20 sur 64
Statistiques - réponses
Difficulté Les animaux de la ferme Réponse % Correct
1 Quel animal de la ferme a différentes races comme la charolaise, l'hosltein ou la tarentaise ? Vache
92%
2 Dans une fable de La Fontaine évoquant une trêve illusoire conclue avec des loups, quel animal, femelle du mouton, est mentionné ? Brebis
74%
2 Quel animateur français, a commencé son talk-show "Touche pas à mon poste !" sur France 4 en 2010 avant de le déplacer sur D8, puis C8 ? Cyril Hanouna
74%
1 Quel concours culinaire diffusé depuis 2010 sur M6 et présenté par Stéphane Rotenberg met en compétition des chefs amateurs et professionnels pour décrocher un titre prestigieux ? Top Chef
70%
2 Quel terme désigne l'affrontement entre les joueurs, où le ballon est introduit entre les deux premières lignes de chaque équipe, afin de relancer le jeu ? Mêlée
64%
1 Quel animateur est connu pour être le présentateur de "The Voice" en France depuis 2012 sur TF1 ? Nikos Aliagas
62%
1 Quelle rappeuse, née le 25 juillet 1980 à Nicosie, a connu un immense succès avec son album "Dans ma bulle" sorti en 2006, et a remporté un disque de diamant en 2007 ? Diam’s
58%
3 Quel pays, dirigé par Saddam Hussein, a lancé une offensive contre son voisin en 1980, déclenchant un conflit qui durera huit ans ? Irak
58%
1 Quel film culte français de 1993 met en scène Jean Reno en chevalier du Moyen Âge propulsé dans le présent aux côtés de son écuyer Jacquouille la Fripouille, joué par Christian Clavier ? Les Visiteurs
58%
3 Quel jeune animal de la ferme, petit de l'âne, est mentionné dans la Bible comme monture humble choisie par Jésus pour entrer à Jérusalem le jour des Rameaux ? Ânon
57%
1 Qui est l'auteure britannique de la saga littéraire "Harry Potter", dont les sept romans racontent les aventures d'un jeune sorcier et de ses amis à l'école de sorcellerie Poudlard ? J. K. Rowling
55%
2 Quel fondateur des Beatles et auteur-compositeur-interprète, a été assassiné à New York le 8 décembre 1980 ? John Lennon
55%
3 Quel chanteur français, connu pour ses tubes pop et R&B, a remporté la première saison de l'émission "Danse avec les stars" en 2011 ? M. Pokora
53%
1 Quelle fleur, traditionnellement offerte le 1er mai en France, en Suisse, en Belgique et en Andorre, est considérée comme porte-bonheur et fleurit autour de cette date ? Muguet
53%
4 Quel pays d'Asie, devient la 7ème nation à mettre en orbite un satellite par ses propres moyens portant le nom de Rohini ? Inde
51%
1 Quel film français de 2014, tourné en found footage et coréalisé par Philippe Lacheau, suit une soirée d’anniversaire qui vire au chaos alors que le héros doit garder le fils de son patron ? Babysitting
47%
2 Dans "Astérix et Obélix : Mission Cléopâtre", quel acteur incarne le scribe Numérobis, architecte farfelu chargé de construire un palais en trois mois ? Jamel Debbouze
45%
1 Quel est le terme utilisé en rugby pour désigner le joueur situé à l'extrémité de la ligne de trois-quarts, soit à gauche (n°11), soit à droite (n°14) ? Ailier
43%
1 Quel animal donne son nom à une expression signifiant tremper un morceau de sucre dans du café ou une boisson alcoolisée avant de le manger ? Canard
43%
2 Quel est le nom de la troupe de comédiens français à l’origine de nombreux succès comme "Le Père Noël est une ordure" ou "Les Bronzés" réunissant Christian Clavier ou encore Josiane Balasko ? Le Splendid
42%
4 Quel animal, introduit en Floride par l'explorateur espagnol Hernando de Soto en 1539, s'est rapidement féroce et a perturbé les écosystèmes locaux, notamment celui du pin des marais ? Porc
42%
1 Quel ancien acteur américain est élu président des Etats-Unis le 4 novembre 1980 ? Ronald Reagan
42%
3 Quel humoriste a rejoint le jury des enquêteurs depuis la première saison de Mask Singer sur TF1, aux côtés d'Anggun, Jarry et Alessandra Sublet ? Kev Adams
40%
1 Quel joueur de première ligne, portant le numéro 1 ou 3, est principalement chargé de pousser en mêlée et de soutenir ses coéquipiers en touche ? Pilier
40%
1 Quel tueur en série belge, connu pour l'enlèvement, le viol et le meurtre de plusieurs jeunes filles dans les années 1990, a été arrêté en 1996 et dont l'affaire a provoqué une forte mobilisation de l'opinion publique en Belgique ? Marc Dutroux
38%
2 Qui est le tueur en série américain, souvent surnommé "le cannibale de Milwaukee", dont l'histoire a été adaptée dans une série Netflix en 2022 ? Jeffrey Dahmer
36%
1 Quelle série de romans de fantasy de George R. R. Martin se déroule dans un monde féodal où plusieurs maisons nobles luttent pour le pouvoir, tandis qu'une ancienne menace magique refait surface et qu'une héritière en exil cherche à reconquérir son trône ? Le Trône de fer
36%
2 Quel arbre fleuri, souvent associée à la beauté et à la douceur du printemps, est aussi le titre d'une chanson de Claude François ? Magnolia
36%
4 À quelle destination les Ch'tis de la téléréalité du même nom sont-ils partis lors de la première saison en 2011 ? Ibiza
32%
3 Quel terme emprunté à l'anglais utilise-t-on pour définir la confrontation entre l'équipe d'Angleterre et l'équipe de France en rugby à XV, souvent considérée comme un moment crucial, et qui donne lieu à la remise du Trophée Eurostar depuis 2000 ? Le Crunch
32%
3 Quelle saga littéraire de 20 romans, publiée entre 1870 et 1893 par Zola, raconte l’histoire d’une famille sous la Seconde République française ? Les Rougon-Macquart
32%
3 Quelle fleur, connue pour ses pétales en forme de coupe et sa large gamme de couleurs vives, a donné son nom à une révolution survenue en 2005 au Kirghizistan ? Tulipe
32%
2 Dans la saga "Hunger Games" de Suzanne Collins, quel est le nom de l'héroïne principale, une jeune fille de 16 ans qui se porte volontaire pour remplacer sa sœur à la Moisson et participer aux Jeux de la Faim, dans un monde dystopique gouverné par le Capitole ? Katniss Everdeen
30%
4 Quel animal de la ferme, célébré dans une légende romaine, aurait sauvé la citadelle du Capitole en donnant l’alerte lors d’une attaque nocturne des Gaulois en -390 selon Tite-Live ? Oie
30%
2 Quel animal de la ferme était recensé à hauteur de près de 59 millions d’individus dans le monde en 2008, selon la FAO, avec un ratio global de 8,7 pour 1 000 habitants et une forte présence en Amérique du Sud ? Cheval
28%
1 Quel tueur en série français, surnommé "le boucher de l'Yonne", est responsable des disparitions de jeunes filles handicapées dans les années 1970 et a été condamné à perpétuité pour ces crimes en 2006 ? Emile Louis
28%
2 Quelle écrivaine, le 6 mars 1980, est devenue la première femme élue à l'Académie française ? Marguerite Yourcenar
28%
2 Quel gourou américain, a été reconnu responsable du meurtre de l'actrice Sharon Tate et de quatre autres personnes en 1969 ? Charles Manson
26%
3 Quel petit mammifère, souvent élevé pour sa chair ou sa fourrure, appartient à l'ordre des Lagomorphes et est proche des pikas ? Lapin
26%
2 Dans quelle série télévisée franco-belge diffusée en 2019, le personnage principal, interprété par Audrey Fleurot, est une jeune aristocrate dont la vie bascule après un incendie dévastateur au sein d'un grand magasin parisien ? Le Bazar de la Charité
23%
4 Quelle "récompense" virtuelle est attribuée à l'équipe classée dernière du Tournoi des Six Nations de rugby à XV, ou ayant perdu tous ses matchs ? Cuillère de bois
21%
4 Qui était le leader de Solidarność, le mouvement syndical polonais fondé en 1980, qui a joué un rôle clé dans l'opposition au régime de la République populaire de Pologne et qui deviendra plus tard président de la Pologne ? Lech Wałęsa
21%
3 Qui est le tueur en série français, surnommé « Le tueur de l'Est parisien », qui a été condamné pour les meurtres de plusieurs jeunes femmes dans les années 1990 ? Guy Georges
19%
3 Quelle maladie infectieuse très contagieuse et épidémique, due à un poxvirus, a été déclarée éradiquée en 1980 grâce à une campagne de vaccination massive lancée par l'Organisation mondiale de la santé ? Variole
19%
4 Quel est le titre du premier tome de la saga "Twilight" de Stephenie Meyer, publié en 2005, qui raconte l'histoire d'amour entre Bella Swan, une humaine, et Edward Cullen, un vampire, et qui a été adapté au cinéma en 2008 ? Fascination
15%
1 Quelle fleur grimpante, appréciée pour ses grappes de fleurs violettes et parfumées, est souvent associée aux pergolas et aux treillis ? Glycine
15%
3 Quel est le nom du premier tome du "Cycle de l'Héritage" de Christopher Paolini, qui raconte l'histoire d'un jeune garçon et de sa dragonne Saphira ? Eragon
13%
3 Quel film parodique d’espionnage sorti en 1972, avec Pierre Richard en violoniste embarqué malgré lui dans une affaire d’agents secrets, a connu un remake américain avec Tom Hanks ? Le Grand Blond avec une chaussure noire
13%
4 Dans le film "Fatal" de Michaël Youn, quel chanteur d’électro-bio détrône Fatal Bazooka et devient son rival numéro un ? Chris Prolls
9%
3 Quel réalisateur français, également connu pour ses talents de scénariste, a signé le film à succès "Le Dîner de cons", sorti en 1998 avec Jacques Villeret ? Francis Veber
9%
2 Quel auteur a écrit la première trilogie de la saga "Millénium", avant que la série ne soit continuée par David Lagercrantz ? Stieg Larsson
9%
4 Qui est le roi de France au début de la saga "Les Rois maudits" de Maurice Druon, à l’époque où Jacques de Molay lance la malédiction sur le bûcher ? Philippe IV le Bel
8%
2 Quel terme est utilisé en rugby pour désigner un ballon qui quitte l'aire de jeu ou lorsque l'arbitre interrompt le jeu courant ? Ballon mort
6%
4 Quel terme occitan, signifiant littéralement "vessie", désigne le ballon en rugby, en référence au matériau des premiers ballons ? Béchigue
6%
4 Quel est le titre du film d’horreur fictif projeté au Festival de Cannes dans "La Cité de la peur", dont les projectionnistes sont mystérieusement assassinés un à un ? Red Is Dead
6%
3 Quelle distinction dans le Tournoi des Six Nations désigne une série de trois victoires obtenues par l'une des quatre équipes des îles Britanniques ? Triple couronne
6%
3 Qui est la tueuse en série américaine, surnommée « La Demoiselle de la Mort », qui a été condamnée à la peine de mort pour l'assassinat de sept hommes en Floride dans les années 1990 ? Aileen Wuornos
4%
2 Dans la mythologie grecque, quel personnage féminin, transformé en fleur par la femme de Zéphyr, dieu des vents, après avoir suscité la jalousie de celle-ci, donne son nom à une fleur ? Anémone
4%
3 Quel sous-genre du rhododendron connu pour sa toxicité représente la flore sauvage dans l'État fédéré de Géorgie, en tant que fleur symbole ? Azalée
4%
4 Quelle petite plante, mesurant entre 5 et 40 cm, aux fleurs bleues, roses ou blanches, est utilisée pour décrire les yeux du capitaine Crochet dans "Peter Pan" de James Barrie ? Myosotis
4%
4 Quelle plante dont son nom est tiré du grec signifiant sarment ou branche était utilisée dès l'Antiquité en huile macérée pour lutter contre la gale ? Clématite
2%
4 Dans l'émission de télé-réalité "Mariés au premier regard", qui est la psychologue clinicienne chargée d'accompagner les candidats dans leur parcours amoureux ? Estelle Dossin
2%
4 Quel était le nom du tueur en série américain John Wayne Gacy lorsqu'il se déguisait en clown ? Pogo le clown
2%
4 Quel tueur en série américain, reconnu coupable de trois meurtres en Californie, aurait revendiqué avoir tué jusqu'à quatre-vingt-treize personnes et serait considéré comme le plus meurtrier de l'histoire des États-Unis ? Samuel Little
2%
Aucun quiz correspondant
Distribution des résultats
% des personnes avec chaque résultat
Percentile par nombre de réponses
Votre historique - résultats
Vous n’avez pas pris ce quiz depuis la dernière actualisation